000 01164nam a2200265Ia 4500
999 _c39659
_d39659
001 6261
003 GE_BSU
005 20191105115815.0
008 181216s2013||||ge |||||||||||||| ||geo||
020 _a9789941429330
040 _cGE_BSU
041 _ageo
080 _a005(075.8)+338.22(075.8) გ-97
100 _aგურაბანიძე, ვაჟა
_95266
245 _aგლობალური ბიზნესის მენეჯმენტი :
_bლექციების კურსი /
_c ვაჟა გურაბანიძე; რედ. ვაჟა გურაბანიძე, ნიკო ჩიხლაძე.
264 _aქუთაისი,
_c2013.
300 _a610 გვ. ;
_b20 სმ.
504 _a ბიბლიოგრ.: გვ. 605-607.
653 _aბიზნესის მენეჯმენტი
653 _aეკონომიკა
700 _a შანიძე, გოდერძი
_eავტორი
_95267
700 _a ჩიხლაძე, ნიკო
_eავტორი
_95268
710 _aქუთაისის უნ-ტი
_95269
942 _cBK
_2udc